<?xml version="1.0" encoding="UTF-8"?>
<marc:record xmlns:marc="http://www.loc.gov/MARC21/slim">
   <marc:leader>00000nam a2200000 a 4500</marc:leader>
   <marc:datafield ind1="1" ind2=" " tag="100">
      <marc:subfield code="a">Bühel, Doris</marc:subfield>
      <marc:subfield code="4">aut</marc:subfield>
      <marc:subfield code="e">Verfasser/-in</marc:subfield>
   </marc:datafield>
   <marc:datafield ind1=" " ind2=" " tag="653">
      <marc:subfield code="a">Essen</marc:subfield>
   </marc:datafield>
   <marc:datafield ind1=" " ind2=" " tag="653">
      <marc:subfield code="a">Nahrung</marc:subfield>
   </marc:datafield>
   <marc:datafield ind1="0" ind2="0" tag="245">
      <marc:subfield code="a">Was essen wir?</marc:subfield>
   </marc:datafield>
   <marc:datafield ind1="0" ind2="0" tag="245">
      <marc:subfield code="c">Doris Bühel</marc:subfield>
   </marc:datafield>
   <marc:datafield ind1=" " ind2="1" tag="264">
      <marc:subfield code="a">Ravensburg</marc:subfield>
      <marc:subfield code="b">Ravensburger</marc:subfield>
      <marc:subfield code="c">2015</marc:subfield>
   </marc:datafield>
   <marc:datafield ind1="1" ind2=" " tag="490">
      <marc:subfield code="a">Wieso? Weshalb? Warum? : Junior</marc:subfield>
   </marc:datafield>
   <marc:datafield ind1="1" ind2=" " tag="520">
      <marc:subfield code="a">Am Esstisch sitzt meist die ganze Familie zusammen. Da wird genascht, gekleckert und geschmatzt, aber das eine oder andere Mal auch getrotzt und gemeckert. Geschmäcker sind eben verschieden. Aber warum müssen wir eigentlich essen und trinken? Wo wachsen Obst und Gemüse und von welchen Tieren stammt unser Essen? Dieses Buch zeigt auch, wie Kinder in der Küche mithelfen können und wie schön ein Picknick ist. Denn ob süß oder sauer, eines steht fest: Essen macht Spaß!#Guten Appetit!&#x15;&#x15;Geschmäcker sind verschieden. Aber ob süß oder sauer, eines steht fest: Essen macht Spaß! Warum müssen wir essen und trinken? Wo kommen unsere Lebensmittel her? Kinder erfahren auch, wie sie beim Kochen helfen können und wie schön ein Picknick ist.</marc:subfield>
   </marc:datafield>
   <marc:datafield ind1=" " ind2=" " tag="020">
      <marc:subfield code="a">9783473328994</marc:subfield>
      <marc:subfield code="9">9783473328994</marc:subfield>
   </marc:datafield>
   <marc:datafield ind1=" " ind2=" " tag="041">
      <marc:subfield code="a">ger</marc:subfield>
   </marc:datafield>
   <marc:datafield ind1=" " ind2=" " tag="300">
      <marc:subfield code="a">[8] Bl.</marc:subfield>
   </marc:datafield>
</marc:record>
